Normal view
MARC view
- Saeed Moaveni
Entry Personal Name
001 - CONTROL NUMBER
- control field: 131230
003 - CONTROL NUMBER IDENTIFIER
- control field: NUST
005 - DATE AND TIME OF LATEST TRANSACTION
- control field: 20251020101744.0
008 - FIXED-LENGTH DATA ELEMENTS
- fixed length control field: 251020|| aca||aabn | a|a d
040 ## - CATALOGING SOURCE
- Original cataloging agency: NUST
- Transcribing agency: NUST
100 ## - HEADING--PERSONAL NAME
- Personal name: Saeed Moaveni
670 ## - SOURCE DATA FOUND
- Source citation: Work cat.: (NUST): Saeed Moaveni, Finite Element Analysis Theory and Application with ANSYS, 2015.
